Vegetative propagation on ochna integerrima at forestry research study nursery royal university of agriculture, ការផលិតរុក្ខជាតិអង្គាសីលដោយកាត់មែកផ្សាំនៅស្ថានីយ៍សិក្សាស្រាវជ្រាវព្រៃឈើនៃស.វ.ភ.ក (Record no. 3376)

000 -LEADER
fixed length control field 00716nam a22001577a 4500
003 - CONTROL NUMBER IDENTIFIER
control field OSt
005 - DATE AND TIME OF LATEST TRANSACTION
control field 20230313171213.0
008 - FIXED-LENGTH DATA ELEMENTS--GENERAL INFORMATION
fixed length control field 151112b xxu||||| |||| 00| 0 eng d
040 ## - CATALOGING SOURCE
Transcribing agency RUA
082 ## - DEWEY DECIMAL CLASSIFICATION NUMBER
Classification number FOR
Edition number BUN 2008 B135 Or.1
100 ## - MAIN ENTRY--PERSONAL NAME
9 (RLIN) 3625
Personal name BUN, CHAMROEUN.
245 ## - TITLE STATEMENT
Title Vegetative propagation on ochna integerrima at forestry research study nursery royal university of agriculture, ការផលិតរុក្ខជាតិអង្គាសីលដោយកាត់មែកផ្សាំនៅស្ថានីយ៍សិក្សាស្រាវជ្រាវព្រៃឈើនៃស.វ.ភ.ក
260 ## - PUBLICATION, DISTRIBUTION, ETC. (IMPRINT)
Place of publication, distribution, etc. Phnom Penh
Name of publisher, distributor, etc. RUA
Date of publication, distribution, etc. 2008
300 ## - PHYSICAL DESCRIPTION
Extent xiii; 76p.
Other physical details ill.
Dimensions 29cm.
942 ## - ADDED ENTRY ELEMENTS (KOHA)
Source of classification or shelving scheme
Koha item type FOR
Holdings
Price effective from Date last seen Permanent Location Not for loan Date acquired Source of classification or shelving scheme Koha item type Lost status Withdrawn status Date last checked out Total Checkouts Shelving location Damaged status Barcode Current Location Full call number
2015-11-122015-11-12Library Block B 2015-11-12 FOR    B135 RUA026908Library Block BFOR BUN 2008 B135 Or.1
2015-11-122019-04-02Library Block B 2015-11-12 FOR  2019-02-271B135 RUA026694Library Block BFOR BUN 2008 B135 Or.2
2015-11-122016-06-14Library Block B 2015-11-12 FOR  2016-06-141B135 RUA026910Library Block BFOR BUN 2008 B135 Or.3
2015-11-122015-11-12Library Block B 2015-11-12 FOR    B135 RUA026627Library Block BFOR BUN 2008 B135 Or.4
2015-11-122015-11-12Library Block B 2015-11-12 FOR    B135 RUA026838Library Block BFOR BUN 2008 B135 Or.5
2015-11-122019-05-21Library Block B 2015-11-12 FOR  2019-03-041B136 RUA026766Library Block BFOR BUN 2008 B136 Or.6
2015-11-132017-10-28Library Block B 2015-11-13 FOR  2017-10-031B135 RUA027369Library Block BFOR BUN 2008 B135 Or.7
2015-11-132018-06-29Library Block B 2015-11-13 FOR  2018-06-202B135 RUA027125Library Block BFOR BUN 2008 B135 Or.8
2015-11-132024-08-14Library Block B 2015-11-13 FOR  2024-07-251B136 RUA027341Library Block BFOR BUN 2008 B136 Or.9
2015-11-132016-05-25Library Block B 2015-11-13 FOR  2016-05-041B135 RUA027371Library Block BFOR BUN 2008 B135 Or.10
មជ្ឈមណ្ឌលឯការនៃសាកលវិទ្យាល័យភូមិន្ទកសិកម្មចំការដូង

Powered by Koha